000 00739nam a2200241 i 4500
001 bg
100 1 _aKABACIŃSKI, Wojciech
245 1 0 _aStandaryzacja w sieciach ISDN [Integrated Services Digital Network] /
_cWojciech Kabaciński.
260 _aPoznań :
_bWydaw. Politechniki Poznańskiej,
_c1996.
300 _a219 s. :
_brys. ;
_c24 cm.
504 _aBibliogr. s. 218-219.
630 0 9 _aISDN
650 9 _aTelekomunikacja
_xurządzenia
650 9 _aUkłady cyfrowe
_xstosowanie
_xtelekomunikacja
655 _aPodręczniki akademickie
020 _a8371431058
040 _cBPK
041 0 _apl
080 _a621.391:681.32](075.8)
920 _a83-7143-105-8
942 _cKS
008 s pl f |000 0 pol
999 _c24487
_d24487
856 _uhttp://koha.tu.koszalin.pl/cgi-bin/koha/opac-detail.pl?biblionumber=24487
_yKatalog online BPK